| 000 | 00566nam a2200229Ia 4500 | ||
|---|---|---|---|
| 003 | OSt | ||
| 005 | 20220924134719.0 | ||
| 006 | a|||||r|||| 00| 0 | ||
| 007 | ta | ||
| 008 | 220923b |||||||| |||| 00| 0 urd d | ||
| 024 | _a286170 | ||
| 037 | _cTextual | ||
| 040 |
_aARTS _cARTS _burd |
||
| 041 |
_2urd _aurd |
||
| 082 | _aO168,3M36,2, J1 | ||
| 100 |
_aAhamad Nazir _9209074 |
||
| 245 | 0 | _aBinat al nafshi | |
| 260 | _c1951 | ||
| 650 | _aURDU LITERATURE | ||
| 942 |
_hO168,3M36,2, J1 _cTEXL _2CC |
||
| 999 |
_c438325 _d438325 |
||